Bal Shivaji (Record no. 94556)

MARC details
000 -LEADER
fixed length control field 00546nji a22001697a 4500
007 - PHYSICAL DESCRIPTION FIXED FIELD--GENERAL INFORMATION
fixed length control field dvd
008 - FIXED-LENGTH DATA ELEMENTS--GENERAL INFORMATION
fixed length control field 150630b xxu||||| |||| 00| 0 eng d
010 ## - LIBRARY OF CONGRESS CONTROL NUMBER
LC control number dvd-008432-36
024 ## - OTHER STANDARD IDENTIFIER
Terms of availability 150.00
082 ## - DEWEY DECIMAL CLASSIFICATION NUMBER
Classification number dvd
245 ## - TITLE STATEMENT
Title Bal Shivaji
260 ## - PUBLICATION, DISTRIBUTION, ETC. (IMPRINT)
Name of publisher, distributor, etc Children's film society
270 ## - ADDRESS
Address Film Division Complex,24.Dr. G. Deshmukh Marg.Mumbai
300 ## - PHYSICAL DESCRIPTION
Extent 1 dics(dvd0
942 ## - ADDED ENTRY ELEMENTS (KOHA)
Source of classification or shelving scheme Dewey Decimal Classification
Item type CD-ROMs, DVDs, VHS

No items available.


© Delhi Public Library
Hit Counter
free hit counter